Nazwij pasujące państwo #4 - Statystyki

Ogólne statystyki
  • Ten quiz został rozwiązany 46 155 razy
  • Średni wynik to 9 z 20
Statystyki odpowiedzi
Nazwij państwo: Państwo % Poprawnych
którego nazwa kończy się na "gwaj": Paragwaj | Urugwaj
100%
w którym temperatura nigdy nie przekroczyła 37° Celsjusza: Antigua i Barbuda | Barbados | Dania | Estonia | Islandia | Irlandia | Malediwy | Norwegia | Samoa | Wyspy Salomona | Singapur
84%
z większą liczbą morderstw rocznie niż USA: Brazylia | Indie | Meksyk | Nigeria
76%
graniczące z Kenią: Etiopia | Somalia | Sudan Południowy | Tanzania | Uganda
70%
w którym nie ma naturalnie żyjących węży: Republika Zielonego Przylądka | Islandia | Irlandia | Kiribati | Wyspy Marshalla | Nauru | Nowa Zelandia | Tuvalu | Watykan
69%
z dzikimi tygrysami: Bangladesz | Bhutan | Chiny | Indie | Indonezja | Laos | Malezja | Mjanma | Nepal | Korea Północna | Rosja | Tajlandia | Wietnam
66%
którego nazwa kończy się na "bia": Gambia | Kolumbia | Libia | Namibia | Serbia | Zambia
55%
leżące w Azji, którego większość populacji jest chrześcijaninami: Armenia | Cypr | Timor Wschodni | Gruzja | Filipiny
52%
które jest jednym z 10 najrzadziej odgadywanych państw w quizie Państwa Świata. Nauru | Saint Vincent i Grenadyny | Saint Kitts i Nevis | Grenada | Saint Lucia | Tonga | Tuvalu | Palau | Vanuatu | Antigua i Barbuda
50%
w którym żyje więcej krów niż ludzi: Argentyna | Brazylia | Czad | Irlandia | Mongolia | Namibia | Nowa Zelandia | Paragwaj | Sudan Południowy | Urugwaj
40%
z 500,000 km2 lasów deszczowych (poza Brazylią): Indonezja | Kolumbia | Peru | Demokratyczna Republika Konga
39%
którego rząd został obalony lub wybuchła wojna domowa w celu obalenia go podczas "arabskiej wiosny": Egipt | Libia | Syria | Tunezja | Jemen
36%
z co najmniej 100 000 śmierci spowodowanych trzęsieniami ziemi w XXI wieku: Indonezja | Haiti
31%
z oceną kredytową AAA nadaną przez trzy główne agencje: Australia | Dania | Niemcy | Luksemburg | Holandia | Norwegia | Singapur | Szwecja | Szwajcaria
29%
lężące w Afryce, w którym jest lodowiec: Kenia | Tanzania | Uganda
29%
gdzie najpopularniejszym sportem jest baseball: Kuba | Dominikana | Japonia | Nikaragua | Panama | Tajwan | Wenezuela
26%
w którym urodził się sekretarz generalny ONZ: Austria | Egipt | Ghana | Mjanma | Norwegia | Peru | Portugalia | Korea Południowa | Szwecja
23%
które było pod kontrolą USA po wojnie amerykańsko-hiszpańskiej: Kuba | Filipiny
23%
które nie leży w Azji lub Afryce, a jest członkiem OPEC: Wenezuela
23%
z co najmniej 2 milionami Berberów: Algieria | Francja | Libia | Mauretania | Maroko
18%
Nie znaleziono quizów pasujących do podanych kryteriów
Rozkład punktacji
Procent ludzi z każdym wynikiem
Percentyl według liczby udzielonych odpowiedzi
Twoja historia wyników
Nie rozwiązałeś tego quizu